| 000 | 00653nam a2200193Ia 4500 | ||
|---|---|---|---|
| 003 | GCL | ||
| 005 | 20240530103700.0 | ||
| 008 | 140319s9999 xx 000 0 ara d | ||
| 040 |
_aGCL / _cGCL |
||
| 082 | 0 | 4 |
_a342 _bع ح |
| 100 | 1 | _aعبدالله محمد حسين | |
| 245 | 1 | 0 |
_aالحرية الشخصية فى مصر: _bضوابط الاستعمال و ضمانات التطبيق / _cعبدالله محمد حسين |
| 300 |
_a750 ص ؛ _c24 سم |
||
| 650 | 0 | 4 | _aالحقوق السياسية |
| 650 | 0 | 4 | _aالحرية |
| 650 | 0 | 4 | _aالقانون الدستورى |
| 650 | 0 | 4 | _aالقانون الدستورى - مصر |
| 942 |
_2ddc _cBK |
||
| 999 |
_c41642 _d41642 |
||